The Cross border: (Record no. 1010)

MARC details
000 -LEADER
fixed length control field 00520nam a22001697a 4500
005 - DATE AND TIME OF LATEST TRANSACTION
control field 20240215144643.0
008 - FIXED-LENGTH DATA ELEMENTS--GENERAL INFORMATION
fixed length control field 240215b |||||||| |||| 00| 0 eng d
040 ## - CATALOGING SOURCE
Original cataloging agency KMU
Transcribing agency KMU
Modifying agency KMU
Description conventions rda
110 ## - MAIN ENTRY--CORPORATE NAME
Corporate name or jurisdiction name as entry element COMESA
245 ## - TITLE STATEMENT
Title The Cross border:
Remainder of title Fostering Regional and intra Regional trade and integretion,food and Social Security-Issue N0.3 December 2014/
Statement of responsibility, etc. COMESA
260 ## - PUBLICATION, DISTRIBUTION, ETC.
Place of publication, distribution, etc. Lusaka:
Name of publisher, distributor, etc. COMESA,
Date of publication, distribution, etc. 2014
300 ## - PHYSICAL DESCRIPTION
Extent 23 P.:
Other physical details ill.;
Dimensions 23cm
610 ## - SUBJECT ADDED ENTRY--CORPORATE NAME
Source of heading or term COMESA
610 ## - SUBJECT ADDED ENTRY--CORPORATE NAME
Source of heading or term Trade
610 ## - SUBJECT ADDED ENTRY--CORPORATE NAME
Source of heading or term Regional Trade
942 ## - ADDED ENTRY ELEMENTS (KOHA)
Koha item type Serials
Suppress in OPAC No
Holdings
Withdrawn status Lost status Damaged status Not for loan Collection Home library Current library Shelving location Date acquired Source of acquisition Total Checkouts Full call number Barcode Date last seen Price effective from Koha item type Source of classification or shelving scheme
        Non-fiction Kapasa Makasa University Kapasa Makasa University On Display 15.02.2024 CBU   COMESA(05)CB/2014/3G B3544 15.02.2024 15.02.2024 Serials  
        Non-fiction Kapasa Makasa University Kapasa Makasa University On Display 15.02.2024 CBU   COMESA(05)CB/2014/3H B3545 15.02.2024 15.02.2024 Serials Dewey Decimal Classification
        Non-fiction Kapasa Makasa University Kapasa Makasa University On Display 15.02.2024 CBU   COMESA(05)CB/2014/3F B3543 15.02.2024 15.02.2024 Serials Dewey Decimal Classification
        Non-fiction Kapasa Makasa University Kapasa Makasa University On Display 15.02.2024 CBU   COMESA(05)CB/2014/3E B3542 15.02.2024 15.02.2024 Serials Dewey Decimal Classification